000 01905nam a2200301 a 4500
001 56525
003 BD-RjUL
005 20211209080416.0
008 181013s2012 bg a b 100 0 eng
020 _a9789843353788
035 _a(BD-RjUL)56649
040 _aBD-RjUL
_cBD-RjUL
_bben
041 _aben
082 0 0 _a891.5511
_223
_bMOI 2012
100 _aমোতাহ্হারী, শহীদ আয়াতুল্লাহ্ মূর্তাজা
_9143755
245 0 0 _aহাফিযের আধ্যাত্মিক দর্শন ও হাফিয সম্পর্কে রাহবাহ সাইয়েদ আলী খামেনেয়ী'র ঐতিহাসিক ভাষন /
_cমূল শহীদ আয়াতুল্লাহ্ মূর্তাজা মোতাহ্হারী; অনুবাদ মোহাম্মদ আব্দুল কুদ্দুস বাদশা; সম্পাদনা মুহাম্মদ ফরিদউদ্দিন খান
260 _aঢাকা :
_bইসলামী প্রজাতন্ত্র ইরান দুতাবাস,
_c২০১২.
300 _a১৯৬ পৃ. ;
_c২৪ সেমি.
600 _aḤafiz,
_xCriticism and interpretation.
_yactive 14th century
_9223698
600 _aহাফিয
_xসমালোচনা ও ব্যাখ্যা
_y১৪ তম শতাব্দীর সক্রিয়
_9223699
650 _aইসলামিক দর্শন
_9223684
650 _aIslamic philosophy.
_9223685
650 _aফার্সি সাহিত্য
_9223700
650 _aPersian literature
_9223701
700 _aবাদশা, মোহাম্মদ আব্দুল কুদ্দুস
_9223702
700 _aখান, মুহাম্মদ ফরিদউদ্দিন
_9223703
942 _2ddc
_cBK
999 _c56525
_d56525